| 000 | 00616nam a2200253 a 4500 | ||
|---|---|---|---|
| 999 |
_c5570 _d5570 |
||
| 001 | 5570 | ||
| 003 | BD-JhCC | ||
| 005 | 20171218163133.0 | ||
| 008 | 171218s20022003ii a|||| || | 001 0 eng d | ||
| 020 | _a8178086174 | ||
| 035 | _a(BD-JhCC)5570 | ||
| 040 |
_aBD-JhCC _dBD-JhCC |
||
| 041 | _aeng | ||
| 082 |
_a535 _bHEC 2003 |
||
| 100 | _aHecht, Eugene | ||
| 245 |
_aOptics / _cEugene Hecht, |
||
| 250 | _a4th ed. | ||
| 260 |
_aDelhi : _bPearson Education, _c2003. |
||
| 300 |
_a698 p. : _bill. ; _c22 cm. |
||
| 504 | _aIncludes Index and Bibliography | ||
| 650 | _aOptics | ||
| 942 |
_2ddc _cBK |
||